000 01954nam a22004337a 4500
003 DO-SdBNP
005 20180307142213.0
007 0000346
008 100909s2012 dr a 000 0 spa d
020 _a9789945117561
020 _a9789945117684 (1er. trimestre)
020 _a9789945117691 (2do. trimestre)
020 _a9789945117707 (3er. trimestre)
040 _aBPMSU
_bspa
_cBPMSU
082 4 _a372.21
_bJ61l, 3 años 2012
100 1 _aJiménez Rosa, Tania
245 1 0 _aLisa, Tomás y sus amigos 3 :
_beducación inicial, versión script /
_cTania Jiménez Rosa ; dirección editorial Obdulia García de Escobar; ilustración Ruddy Núñez...[et al.].
_pVersión script
260 _aSanto Domingo :
_bSantillana,
_c2012.
300 _a192 p :
_bil.,
_c20 cm.
_e+ CD-ROOM + 3 libros de grafomotricidad
490 1 _aInnova
_v3 años
500 _aEste libro ha sido realizado de conformidad con el currículum vigente y ha sido sometido a la aprobación del MINERD(Ministerio de Educación de la República Dominicana)
500 _aLibro de texto.
500 _aVersión Script.
505 0 _t¡ Me presento --
_t¡Somos diferentes¡ --
_tTengo una hermosa familia --
_tel colegio me recibe con alegría --
_tMi localidad --
_tSomos dominicanos --
_tDesayuno bien para crecer sana --
_tLa naturaleza es hermosa --
_tLisa usa el globo terráqueo --
_tDisfrutaré de mi vacaciones --
521 _a3 años
650 _aEDUCACIÓN PREESCOLAR
_zREPÚBLICA DOMINICANA
650 _aEDUCACIÓN DE NIÑOS
650 _aEDUCACIÓN EN LA PRIMERA INFANCIA
650 _aJARDINES INFANTILES
650 _aEDUCACIÓN PREESCOLAR
_xLIBROS DE TEXTO
650 _aEDUCACIÓN PREESCOLAR
_xESTUDIOS Y EJERCICIOS
700 1 _aGarcía de Escobar, Obdulia
_eed.
700 1 _aNúñez, Ruddy
_eil.
830 0 _aInnova
_n3 años
910 _a000144
942 _2ddc
_cBK
945 _aInventariado, 2018/ YL
956 _aYLOCKWARD
_b10
_cBPMSU
999 _c13344
_d13344